Elements of the Theory of Computation (Record no. 485)

MARC details
000 -LEADER
Fixed length control field 00653nam a22002297a 4500
003 - CONTROL NUMBER IDENTIFIER
Control field SEACOMMC
005 - DATE AND TIME OF LATEST TRANSACTION
Control field 20231114090712.0
008 - FIXED-LENGTH DATA ELEMENTS--GENERAL INFORMATION
Fixed length control field 231114b |||||||| |||| 00| 0 eng d
020 ## - INTERNATIONAL STANDARD BOOK NUMBER / ISBN
Price Rs. 225.00
040 ## - CATALOGING SOURCE
Original cataloging agency SEACOMMC
082 ## - DEWEY DECIMAL CLASSIFICATION NUMBER
Classification number 511
Book Number LEW
100 1# - MAIN ENTRY--PERSONAL NAME
Personal name Lewis, Harry R.
245 1# - TITLE STATEMENT
Title Elements of the Theory of Computation
Statement of responsibility Harry R. Lewis and Christos H. Papadimitriou
250 ## - EDITION STATEMENT
Edition statement 2nd ed.
260 ## - IMPRINT
Place of publication New Delhi
Name of publisher Prentice-Hall
Date of publication 2002
650 ## - SUBJECT ADDED ENTRY--TOPICAL TERM
Topical term Machine theory
650 ## - SUBJECT ADDED ENTRY--TOPICAL TERM
Topical term Computational complexity
650 ## - SUBJECT ADDED ENTRY--TOPICAL TERM
Topical term Logic, Symbolic and mathematical
650 ## - SUBJECT ADDED ENTRY--TOPICAL TERM
Topical term Formal languages
700 1# - ADDED ENTRY--PERSONAL NAME
Personal name Papadimitriou, Christos H.
942 ## - ADDED ENTRY ELEMENTS (KOHA)
Koha item type Books
Holdings
Withdrawn status Lost status Source of classification Damaged status Not for loan Home library Current library Date acquired Total Checkouts Call number Accession number Date last seen Price effective from Koha item type
    Dewey Decimal Classification     SEACOM MANAGEMENT COLLEGE SEACOM MANAGEMENT COLLEGE 06/03/2007   511 LEW 06277 14/11/2023 14/11/2023 Books
© Seacom Engineering College, All rights reserved.    Powered by Koha